MARC details
| 000 -LEADER |
| fixed length control field |
03468cas a22008055a 4500 |
| 001 - CONTROL NUMBER |
| control field |
J122909 |
| 008 - FIXED-LENGTH DATA ELEMENTS--GENERAL INFORMATION |
| fixed length control field |
#DATE c1994 xxkmr 000 0 eng u |
| 022 ## - INTERNATIONAL STANDARD SERIAL NUMBER |
| International Standard Serial Number |
1357-2318 |
| 035 ## - SYSTEM CONTROL NUMBER |
| System control number |
(Sirsi) u122909 |
| 041 ## - LANGUAGE CODE |
| Language code of text/sound track or separate title |
eng |
| 050 ## - LIBRARY OF CONGRESS CALL NUMBER |
| Classification number |
692.5 |
| -- |
18 |
| 110 ## - MAIN ENTRY--CORPORATE NAME |
| Corporate name or jurisdiction name as entry element |
Building Cost Information Service |
| 9 (RLIN) |
1096 |
| 245 ## - TITLE STATEMENT |
| Title |
BCIS indices and forecasts |
| 260 ## - PUBLICATION, DISTRIBUTION, ETC. |
| Place of publication, distribution, etc. |
London |
| Name of publisher, distributor, etc. |
BCIS |
| Date of publication, distribution, etc. |
1994- |
| 362 0# - DATES OF PUBLICATION AND/OR SEQUENTIAL DESIGNATION |
| Dates of publication and/or sequential designation |
1994- |
| 490 ## - SERIES STATEMENT |
| Series statement |
BCIS Bulletin Service |
| 490 ## - SERIES STATEMENT |
| Series statement |
BCIS Indices and Forecasts |
| 505 ## - FORMATTED CONTENTS NOTE |
| Formatted contents note |
Executive summary |
| 505 ## - FORMATTED CONTENTS NOTE |
| Formatted contents note |
Briefing : building cost trends ; latest indices ; previous quarter revisited ; economic background ; materials ; labour ; market conditions ; output ; orders ; housing ; output forecasts ; tender levels; preliminaries and profit ; forecast ; assumptions ; two year forecast |
| 505 ## - FORMATTED CONTENTS NOTE |
| Formatted contents note |
Tender prices : All-in TPI, Market conditions index |
| 505 ## - FORMATTED CONTENTS NOTE |
| Formatted contents note |
Regional prices : Scotland, Northern, North West ; Yorkshire and Humberside, East Midlands, West Midlands ; East Anglia, South East, London ; South West, Wales |
| 505 ## - FORMATTED CONTENTS NOTE |
| Formatted contents note |
Input costs : General building costs, Steel, Concrete, Brick ; General building costs (excluding m and e), M and e, Labour, Materials, Plant |
| 505 ## - FORMATTED CONTENTS NOTE |
| Formatted contents note |
Output prices : All-in, Public, Housing ; Private, Commercial, Industrial |
| 505 ## - FORMATTED CONTENTS NOTE |
| Formatted contents note |
Long-term trends : All-in tender price index, General building cost index, Retail prices index |
| 505 ## - FORMATTED CONTENTS NOTE |
| Formatted contents note |
Forecast of fluctuations |
| 505 ## - FORMATTED CONTENTS NOTE |
| Formatted contents note |
Miscellaneous indicies : BCIS/ABI house rebuilding cost index ; retail prices index |
| 520 ## - SUMMARY, ETC. |
| Summary, etc. |
Quarterly review of the latest figures for all BCIS Indices. Thoroughly researched this commentary of market conditions also projects trends over the forthcoming two-year period. Filed in "BCIS bulletin service" Binder 1. |
| 650 ## - SUBJECT ADDED ENTRY--TOPICAL TERM |
| Topical term or geographic name entry element |
BCIS/ABI HOUSE REBUILDING COST INDEX |
| 650 ## - SUBJECT ADDED ENTRY--TOPICAL TERM |
| Topical term or geographic name entry element |
BCIS ALL-IN OUTPUT PRICE INDEX |
| 650 ## - SUBJECT ADDED ENTRY--TOPICAL TERM |
| Topical term or geographic name entry element |
BCIS ALL-IN TENDER PRICE INDEX |
| 650 ## - SUBJECT ADDED ENTRY--TOPICAL TERM |
| Topical term or geographic name entry element |
BCIS CONCRETE FRAMED CONSTRUCTION COST INDEX |
| 650 ## - SUBJECT ADDED ENTRY--TOPICAL TERM |
| Topical term or geographic name entry element |
BCIS GENERAL BUILDING COST INDEX |
| 650 ## - SUBJECT ADDED ENTRY--TOPICAL TERM |
| Topical term or geographic name entry element |
BCIS GENERAL BUILDING COST (EXCLUDING M AND E) INDEX |
| 650 ## - SUBJECT ADDED ENTRY--TOPICAL TERM |
| Topical term or geographic name entry element |
BCIS LABOUR COST INDEX |
| 650 ## - SUBJECT ADDED ENTRY--TOPICAL TERM |
| Topical term or geographic name entry element |
BCIS M AND E COST INDEX |
| 650 ## - SUBJECT ADDED ENTRY--TOPICAL TERM |
| Topical term or geographic name entry element |
BCIS MARKET CONDITIONS INDEX |
| 650 ## - SUBJECT ADDED ENTRY--TOPICAL TERM |
| Topical term or geographic name entry element |
BCIS MATERIALS COST INDEX |
| 650 ## - SUBJECT ADDED ENTRY--TOPICAL TERM |
| Topical term or geographic name entry element |
BCIS PLANT COST INDEX |
| 650 ## - SUBJECT ADDED ENTRY--TOPICAL TERM |
| Topical term or geographic name entry element |
BCIS PRIVATE COMMERCIAL OUTPUT INDEX |
| 650 ## - SUBJECT ADDED ENTRY--TOPICAL TERM |
| Topical term or geographic name entry element |
BCIS PRIVATE INDUSTRIAL OUTPUT PRICE INDEX |
| 650 ## - SUBJECT ADDED ENTRY--TOPICAL TERM |
| Topical term or geographic name entry element |
BCIS PRIVATE SECTOR OUTPUT PRICE INDEX |
| 650 ## - SUBJECT ADDED ENTRY--TOPICAL TERM |
| Topical term or geographic name entry element |
BCIS PUBLIC SECTOR OUTPUT PRICE INDEX |
| 650 ## - SUBJECT ADDED ENTRY--TOPICAL TERM |
| Topical term or geographic name entry element |
BCIS STEEL FRAMED CONSTRUCTION COST INDEX |
| 650 ## - SUBJECT ADDED ENTRY--TOPICAL TERM |
| Topical term or geographic name entry element |
BUILT ENVIRONMENT-BUILDING COSTS |
| 650 ## - SUBJECT ADDED ENTRY--TOPICAL TERM |
| Topical term or geographic name entry element |
BUILDING INDUSTRY |
| 650 ## - SUBJECT ADDED ENTRY--TOPICAL TERM |
| Topical term or geographic name entry element |
BUILT ENVIRONMENT-BUILDING MATERIALS |
| 650 ## - SUBJECT ADDED ENTRY--TOPICAL TERM |
| Topical term or geographic name entry element |
CONSTRUCTION INDUSTRY |
| 650 ## - SUBJECT ADDED ENTRY--TOPICAL TERM |
| Topical term or geographic name entry element |
CONSTRUCTION FORECASTS |
| 650 ## - SUBJECT ADDED ENTRY--TOPICAL TERM |
| Topical term or geographic name entry element |
CONSTRUCTION INDICATORS |
| 650 ## - SUBJECT ADDED ENTRY--TOPICAL TERM |
| Topical term or geographic name entry element |
CONSTRUCTION ORDERS |
| 650 ## - SUBJECT ADDED ENTRY--TOPICAL TERM |
| Topical term or geographic name entry element |
CONSTRUCTION OUTPUT |
| 650 ## - SUBJECT ADDED ENTRY--TOPICAL TERM |
| Topical term or geographic name entry element |
TENDER INDICES |
| 650 ## - SUBJECT ADDED ENTRY--TOPICAL TERM |
| Topical term or geographic name entry element |
EAST ANGLIA |
| 650 ## - SUBJECT ADDED ENTRY--TOPICAL TERM |
| Topical term or geographic name entry element |
EAST MIDLANDS |
| 650 ## - SUBJECT ADDED ENTRY--TOPICAL TERM |
| Topical term or geographic name entry element |
HUMBERSIDE |
| 650 ## - SUBJECT ADDED ENTRY--TOPICAL TERM |
| Topical term or geographic name entry element |
LABOUR COSTS |
| 650 ## - SUBJECT ADDED ENTRY--TOPICAL TERM |
| Topical term or geographic name entry element |
LONDON |
| 650 ## - SUBJECT ADDED ENTRY--TOPICAL TERM |
| Topical term or geographic name entry element |
MECHANICAL AND ELECTRICAL COST INDICES |
| 650 ## - SUBJECT ADDED ENTRY--TOPICAL TERM |
| Topical term or geographic name entry element |
NORTHERN ENGLAND |
| 650 ## - SUBJECT ADDED ENTRY--TOPICAL TERM |
| Topical term or geographic name entry element |
NORTHWEST ENGLAND |
| 650 ## - SUBJECT ADDED ENTRY--TOPICAL TERM |
| Topical term or geographic name entry element |
PLANT COSTS |
| 650 ## - SUBJECT ADDED ENTRY--TOPICAL TERM |
| Topical term or geographic name entry element |
SCOTLAND |
| 650 ## - SUBJECT ADDED ENTRY--TOPICAL TERM |
| Topical term or geographic name entry element |
SOUTHEAST ENGLAND |
| 650 ## - SUBJECT ADDED ENTRY--TOPICAL TERM |
| Topical term or geographic name entry element |
SOUTHWEST ENGLAND |
| 650 ## - SUBJECT ADDED ENTRY--TOPICAL TERM |
| Topical term or geographic name entry element |
WALES |
| 650 ## - SUBJECT ADDED ENTRY--TOPICAL TERM |
| Topical term or geographic name entry element |
WEST MIDLANDS |
| 650 ## - SUBJECT ADDED ENTRY--TOPICAL TERM |
| Topical term or geographic name entry element |
YORKSHIRE |
| 690 ## - LOCAL SUBJECT ADDED ENTRY--TOPICAL TERM (OCLC, RLIN) |
| Topical term or geographic name as entry element |
BUILT ENVIRONMENT-BUILDING COSTS |
| 942 ## - ADDED ENTRY ELEMENTS (KOHA) |
| Suppress in OPAC |
0 |